Normal view
MARC view
- Van Ness, H. C.
Entry Personal Name
001 - CONTROL NUMBER
- control field: 7312
003 - CONTROL NUMBER IDENTIFIER
- control field: NUST
005 - DATE AND TIME OF LATEST TRANSACTION
- control field: 20171215094426.0
008 - FIXED-LENGTH DATA ELEMENTS
- fixed length control field: 171215|| aca||aabn | a|a d
040 ## - CATALOGING SOURCE
- Original cataloging agency: NUST
- Transcribing agency: NUST
100 ## - HEADING--PERSONAL NAME
- Personal name: Van Ness, H. C.
- Fuller form of name: (Hendrick C.)
670 ## - SOURCE DATA FOUND
- Source citation: Work cat.: (NUST)0: Smith, J. M. (Joseph Mauk), 1916- 7311, Introduction to chemical engineering thermodynamics., c1996.
